Представление документа в формате RUSMARC

ПолеНазваниеЗначение
  Тип записи a
  Библиографический уровень m
001 Контрольный номер LIBNET\0000819763
005 Дата корректировки 20230707133312.8
010 Индекс ISBN __
a ISBN 978-5-04-097624-9
d Цена 349-58
100 Данные общей обработки __
a Данные общей обработки 20190822d2019####m##y0rusy50######ca
101 Язык документа 1_
a Язык текста rus
c Язык оригинала eng
102 Страна публикации __
a Страна публикации RU
105 Кодированные данные (монография) __
a Кодированные данные (монография) y###z###000ay
200 Заглавие и сведения об ответственности 1_
a Заглавие Горячее молоко
e Сведения, относящиеся к заглавию [роман]
f Первые сведения об ответственности Дебора Леви
g Последующие сведения об ответственности [пер. с англ. Е. С. Петровой]
210 Выходные данные 1_
a Место издания Москва
c Издательство Э
d Дата издания 2019
215 Физическое описание __
a Объем 318 с.
225 Серия (Журнальная рубрика) 1_
a Серия (Журнальная рубрика) Интеллектуальный бестселлер
333 Примечание о целевом назначении __
a Примечание о целевом назначении 16+
606 Тематические рубрики __
a Основная рубрика Художественная литература
606 Тематические рубрики __
a Основная рубрика Литература Европы (произведения)
610 Ключевые слова 0_
a Ключевые слова английская литература
a Ключевые слова романы
686 Индексы других классификаций __
a Индекс ББК 84(4Вел)6-4
v Номер издания LBC/M
2 Код системы rubbk
700 Автор _1
a Фамилия Леви
b Имя Д.
g Полное личное имя Дебора
702 Вторичная интеллектуальная ответственность _1
a Фамилия Петрова
b Имя Е.
g Полное личное имя Елена
4 Код отношения 730
801 Источник записи _1
a Страна RU
b Организация Центральная районная библиотека им. Г. А. Пирожникова
c Дата составления 2019.08.22
830 Общее примечание каталогизатора __
a Текст примечания 134
852 Данные о местонахождении __
j Шифр хранения 84(4Вел)6
i Авторский знак Л 36
901 Тип документа __
t Тип документа m
902 Роль лиц __
a Создатель БЗ ОКиО/Шумских